| 000 | 01784cam a2200457 a 4500 | ||
|---|---|---|---|
| 001 | 21467 | ||
| 003 | VRT | ||
| 005 | 20260302130555.0 | ||
| 008 | 240709s1998 xo a br 0000j slo | ||
| 015 | _aSNBA1998/12-04580 | ||
| 020 | _a8071348694 | ||
| 035 | _aSNK000292125 | ||
| 035 | _aurn:nbn:sk:snk-amtjqz | ||
| 035 | _aurn:nbn:sk:snk-am00c6km | ||
| 035 | _a080E76BB-2222-48D7-A096-B5C6CED91727 | ||
| 039 | 9 |
_a202409261324 _bAUTHORITY _c202409261323 _dAUTHORITY _c202408130832 _dmsnk24 _c202407090838 _dVLOAD |
|
| 040 |
_aSNK _bslo _cSNK _eAACR2 |
||
| 041 | 1 |
_aslo _heng |
|
| 044 |
_axo _cSK |
||
| 072 | 7 |
_a821-93 _xLiteratúra pre deti a mládež (beletria) _2konspekt |
|
| 080 |
_a820 (73)-3(087.5) _21981 |
||
| 080 |
_a821.111(73)-34 _22011 |
||
| 080 |
_a821-32 _22011 |
||
| 080 |
_a82-93-053.4/.5 _22011 |
||
| 130 | 0 |
_aAnastasia _lSlovensky |
|
| 245 | 1 | 0 |
_aAnastázia _bpodľa filmu A.L. Singera ; film Dona Blutha, Gary Goldmana _cilustrácie Bob DePew ; z anglického originálu preložila Tatiana Plesníková |
| 260 |
_aBratislava _bEgmont Neografia _c1998 |
||
| 300 |
_a93 strán _bfarebné ilustrácie _c26 cm |
||
| 500 | _aNa titulnej strane hore uvedené: A 20th Century Fox presentation | ||
| 655 | 7 |
_apríbehy _2SNKPH |
|
| 655 | 7 |
_aliteratúra pre deti _2SNKPH |
|
| 700 | 1 |
_aDepew, Robert _4ill |
|
| 700 | 1 |
_aPlesníková, Tatiana _4trl |
|
| 942 |
_2ddc _cKLDE _n0 |
||
| 949 |
_6270001000005197 _asvkbbC 40694 _bsvkbbm 619897 _p619.897 |
||
| 949 |
_617A0153525 _9P60, <03>, [BOOK], {603} _asnkSB 59220 _bsnkKSP 7675/98 _s6100:20160606 |
||
| 949 |
_617A0153526 _9P60, <04>, [BOOK], {604} _asnkSB 59220 D1 _bsnkKSP 7676/98 |
||
| 949 |
_6273K0114900 _asvkpoC 33978 _bsvkpo431626 |
||
| 999 |
_c21467 _d21467 |
||